Not war, not peace : (Record no. 145659)

MARC details
000 -LEADER
fixed length control field 01010nam a22002537a 4500
005 - DATE AND TIME OF LATEST TRANSACTION
control field 20180611163722.0
010 ## - LCCN (DPL NO)
LC control number B-688706-707
020 ## - INTERNATIONAL STANDARD BOOK NUMBER
International Standard Book Number 9780199467495
Terms of availability 695.00
035 ## - SYSTEM CONTROL NUMBER
System control number EN-106069
035 ## - SYSTEM CONTROL NUMBER
System control number B-688706-707
037 ## - SOURCE OF ACQUISITION
Source of stock number/acquisition Bookwell
Stock number dpl
037 ## - SOURCE OF ACQUISITION
Source of stock number/acquisition DBAD/PUB.
082 ## - DEWEY DECIMAL CLASSIFICATION NUMBER
Classification number 327.540547
100 ## - MAIN ENTRY--PERSONAL NAME
Personal name Perkovich, George
245 ## - TITLE STATEMENT
Title Not war, not peace :
Remainder of title Motivating Pakistan to prevent cross - border terrorism/
Statement of responsibility, etc by George Perkovich [and] Toby Dalton
260 ## - PUBLICATION, DISTRIBUTION, ETC. (IMPRINT)
Place of publication, distribution, etc New Delhi
Name of publisher, distributor, etc Oxford
-- Oxford University Press
Date of publication, distribution, etc 2017
270 ## - ADDRESS
Address YMCA Library Building, 1 Jai Singh Road,
City New Delhi
Postal code 110001
270 ## - ADDRESS
Address 2/11 Ground Floor, Ansari Road, Darya Ganj,
City New Delhii
Postal code 110002
300 v# - PHYSICAL DESCRIPTION
Extent xii,297p.
Dimensions 22cm(pbk)
-- 22cm(Hb)
500 ## - GENERAL NOTE
General note Includes index
700 ## - ADDED ENTRY--PERSONAL NAME
Dates associated with a name Dalton, Toby
942 ## - ADDED ENTRY ELEMENTS (KOHA)
Source of classification or shelving scheme Dewey Decimal Classification
Item type English Books
Call number suffix PER
Classification part 327.540547
Holdings
Withdrawn status Lost status Not for loan Collection code Home library Current library Date acquired Source of acquisition Cost, normal purchase price Full call number Barcode Copy number Cost, replacement price Koha item type
      Non-fiction Ashok Vihar Ashok Vihar 11/06/2018 Bookwell/0752/29-11-2017/643/20-11-2017/15-1-18 695.00 327.540547 PER B-688707 1 695.00 English Books
    Not For Loan Non-fiction D.B.Act.Division Central Library 10/04/2018 DBAD/PUB 695.00 327.540547 PER EN-106069 1 695.00 English Books
      Non-fiction Central Library Central Library 11/06/2018 Bookwell/0752/29-11-2017/643/20-11-2017/15-1-18 695.00 327.540547 PER B-688706 1 695.00 English Books

© Delhi Public Library
Hit Counter
free hit counter